Tropical crop production (Record no. 8799)
[ view plain ]
| 000 -LEADER | |
|---|---|
| fixed length control field | 00221nam a22001097a 4500 |
| 040 ## - CATALOGING SOURCE | |
| Transcribing agency | SY |
| 082 ## - DEWEY DECIMAL CLASSIFICATION NUMBER | |
| Classification number | 633 |
| 100 ## - MAIN ENTRY--AUTHOR NAME | |
| Personal name | THO KIM EANG |
| 245 ## - TITLE STATEMENT | |
| Title | Tropical crop production |
| 260 ## - PUBLICATION, DISTRIBUTION, ETC. (IMPRINT) | |
| Place of publication | RUA |
| Name of publisher | THO KIM EANG |
| Year of publication | 2012 |
| 942 ## - ADDED ENTRY ELEMENTS (KOHA) | |
| Koha item type | សៀវភៅភាសាខ្មែរ |
| 952 ## - LOCATION AND ITEM INFORMATION (KOHA) | |
| Withdrawn status [LOCAL, KOHA] | 0 |
| 952 ## - LOCATION AND ITEM INFORMATION (KOHA) | |
| Withdrawn status [LOCAL, KOHA] | 0 |
| Permanent Location | Date acquired | Koha item type | Lost status | Shelving location | Barcode | Current Location | Full call number |
|---|---|---|---|---|---|---|---|
| Library Block C | 2016-08-16 | សៀវភៅភាសាខ្មែរ | C258 | RUA045826 | Library Block C | 633 THO 2012 C258 | |
| Library Block C | 2016-09-14 | សៀវភៅភាសាខ្មែរ | C235 | RUA44081 | Library Block C | 633 THO 2012 C235 |